[Event "Королевский Гамбит. Южный Федеральный округ."]
[Date "2025-11-21"]
[Round "6.5"]
[Board "5"]
[White "Рылов Владимир"]
[WhiteElo "981"]
[Black "Семено Андрей"]
[BlackElo "1038"]
[WebSite "https://www.chessopen.ru"]
[GameId "14d1a492-396b-4db7-9206-9eeaf0c5023b"]
[Result "0-1"]

1. e4 { [%clk 0:09:58] } d5 { [%clk 0:09:57] } 2. exd5 { [%clk 0:09:59] } Qxd5
{ [%clk 0:09:56] } 3. Nc3 { [%clk 0:10:00] } Qa5 { [%clk 0:09:54] } 4. Qf3 {
[%clk 0:10:01] } Nf6 { [%clk 0:09:02] } 5. h3 { [%clk 0:09:58] } c6 { [%clk
0:08:55] } 6. d3 { [%clk 0:09:58] } h6 { [%clk 0:08:33] } 7. Bd2 { [%clk
0:09:57] } Qb6 { [%clk 0:08:22] } 8. O-O-O { [%clk 0:09:51] } e6 { [%clk
0:07:59] } 9. Be3 { [%clk 0:09:35] } Qc7 { [%clk 0:07:56] } 10. d4 { [%clk
0:08:55] } Bd6 { [%clk 0:07:43] } 11. Ne4 { [%clk 0:08:30] } Nxe4 { [%clk
0:07:05] } 12. Qxe4 { [%clk 0:08:30] } O-O { [%clk 0:06:45] } 13. Bd3 { [%clk
0:08:28] } f5 { [%clk 0:06:46] } 14. Qf3 { [%clk 0:08:22] } Nd7 { [%clk
0:06:25] } 15. g3 { [%clk 0:08:18] } Nf6 { [%clk 0:06:17] } 16. Bf4 { [%clk
0:08:14] } Nd5 { [%clk 0:06:02] } 17. Bxd6 { [%clk 0:08:04] } Qxd6 { [%clk
0:06:05] } 18. Ne2 { [%clk 0:07:43] } a5 { [%clk 0:05:58] } 19. Nf4 { [%clk
0:07:42] } Nxf4 { [%clk 0:05:50] } 20. gxf4 { [%clk 0:07:41] } Qd5 { [%clk
0:05:48] } 21. Qxd5 { [%clk 0:07:31] } cxd5 { [%clk 0:05:44] } 22. c4 { [%clk
0:07:22] } Bd7 { [%clk 0:05:40] } 23. cxd5 { [%clk 0:07:20] } exd5 { [%clk
0:05:41] } 24. Bc2 { [%clk 0:07:06] } Rac8 { [%clk 0:05:39] } 25. Kb1 { [%clk
0:07:01] } Rfe8 { [%clk 0:05:34] } 26. Bb3 { [%clk 0:06:56] } Bc6 { [%clk
0:05:07] } 27. Rhe1 { [%clk 0:06:46] } Re4 { [%clk 0:04:41] } 28. Bc2 { [%clk
0:06:38] } Rxf4 { [%clk 0:04:37] } 29. Rc1 { [%clk 0:06:32] } Rxf2 { [%clk
0:04:19] } 30. Bb3 { [%clk 0:06:30] } Rf8 { [%clk 0:04:03] } 31. Rc5 { [%clk
0:06:15] } Rd8 { [%clk 0:03:36] } 32. Rxa5 { [%clk 0:06:05] } Rd2 { [%clk
0:02:55] } 33. Rd1 { [%clk 0:04:38] } Rxd1+ { [%clk 0:02:43] } 34. Bxd1 { [%clk
0:04:37] } g5 { [%clk 0:02:44] } 35. Ra3 { [%clk 0:04:09] } Re8 { [%clk
0:02:34] } 36. Ba4 { [%clk 0:03:20] } Re1+ { [%clk 0:02:16] } 37. Kc2 { [%clk
0:03:18] } Re2+ { [%clk 0:02:16] } 38. Kd3 { [%clk 0:03:14] } Rxb2 { [%clk
0:02:08] } 39. Bxc6 { [%clk 0:03:13] } bxc6 { [%clk 0:02:09] } 40. Ra8+ { [%clk
0:03:12] } Kf7 { [%clk 0:02:10] } 41. a4 { [%clk 0:03:07] } Rb3+ { [%clk
0:01:53] } 42. Ke2 { [%clk 0:03:01] } Rxh3 { [%clk 0:01:54] } 43. a5 { [%clk
0:03:00] } Ra3 { [%clk 0:01:54] } 44. a6 { [%clk 0:03:00] } Kg6 { [%clk
0:01:56] } 45. a7 { [%clk 0:02:59] } Kh5 { [%clk 0:01:56] } 46. Kd2 { [%clk
0:02:46] } f4 { [%clk 0:01:54] } 47. Ke1 { [%clk 0:02:44] } f3 { [%clk 0:01:46]
} 48. Kf2 { [%clk 0:02:39] } g4 { [%clk 0:01:45] } 49. Kg3 { [%clk 0:02:34] }
Ra1 { [%clk 0:01:35] } 50. Rg8 { [%clk 0:02:17] } Rxa7 { [%clk 0:01:33] } 51.
Rxg4 { [%clk 0:02:16] } Rf7 { [%clk 0:01:26] } 52. Rh4+ { [%clk 0:02:06] } Kg6
{ [%clk 0:01:17] } 53. Rg4+ { [%clk 0:02:07] } Kh7 { [%clk 0:01:19] } 54. Kf2 {
[%clk 0:01:53] } h5 { [%clk 0:01:19] } 55. Rg3 { [%clk 0:01:49] } Kh6 { [%clk
0:01:17] } 56. Rxf3 { [%clk 0:01:39] } Rxf3+ { [%clk 0:01:11] } 57. Kxf3 {
[%clk 0:01:40] } Kg5 { [%clk 0:01:13] } 58. Kg2 { [%clk 0:01:41] } Kg4 { [%clk
0:01:14] } 59. Kh2 { [%clk 0:01:41] } h4 { [%clk 0:01:16] } 60. Kg1 { [%clk
0:01:42] } h3 { [%clk 0:01:17] } 61. Kh2 { [%clk 0:01:43] } Kf4 { [%clk
0:01:19] } 62. Kxh3 { [%clk 0:01:44] } Ke4 { [%clk 0:01:21] } 63. Kg4 { [%clk
0:01:43] } Kxd4 { [%clk 0:01:24] } 64. Kf3 { [%clk 0:01:45] } c5 { [%clk
0:01:26] } 65. Ke2 { [%clk 0:01:47] } c4 { [%clk 0:01:28] } 66. Kd1 { [%clk
0:01:49] } c3 { [%clk 0:01:30] } 67. Kc2 { [%clk 0:01:50] } Kc4 { [%clk
0:01:31] } 68. Kd1 { [%clk 0:01:50] } Kd3 { [%clk 0:01:32] } 69. Kc1 { [%clk
0:01:52] } d4 { [%clk 0:01:34] } 70. Kd1 { [%clk 0:01:50] } Ke3 { [%clk
0:01:32] } 71. Kc2 { [%clk 0:01:47] } d3+ { [%clk 0:01:32] } 72. Kd1 { [%clk
0:01:41] } c2+ { [%clk 0:01:27] } 73. Kc1 { [%clk 0:01:40] } d2+ { [%clk
0:01:28] } 74. Kxc2 { [%clk 0:01:41] } Ke2 { [%clk 0:01:29] } 75. Kc3 { [%clk
0:01:38] } d1=Q { [%clk 0:01:28] } 76. Kc4 { [%clk 0:01:38] } Qd2 { [%clk
0:01:25] } 77. Kc5 { [%clk 0:01:38] } Qd3 { [%clk 0:01:27] } 78. Kc6 { [%clk
0:01:39] } Qd4 { [%clk 0:01:28] } 79. Kc7 { [%clk 0:01:40] } Qf6 { [%clk
0:01:27] } 80. Kd7 { [%clk 0:01:41] } Kd3 { [%clk 0:01:28] } 81. Kc7 { [%clk
0:01:42] } Qe6 { [%clk 0:01:29] } 82. Kb7 { [%clk 0:01:43] } Qd6 { [%clk
0:01:30] } 83. Ka8 { [%clk 0:01:45] } Qe7 { [%clk 0:01:27] } 84. Kb8 { [%clk
0:01:46] } Kc4 { [%clk 0:01:29] } 85. Kc8 { [%clk 0:01:47] } Kc5 { [%clk
0:01:29] } 86. Kb8 { [%clk 0:01:49] } Kb6 { [%clk 0:01:32] } 87. Ka8 { [%clk
0:01:48] } Qa7# { [%clk 0:01:33] } 0-1

[Event "Королевский Гамбит. Южный Федеральный округ."]
[Date "2025-11-21"]
[Round "6.6"]
[Board "6"]
[White "Пилипчук Юля"]
[WhiteElo "972"]
[Black "Рыжков Вячеслав"]
[BlackElo "998"]
[WebSite "https://www.chessopen.ru"]
[GameId "cc20bbab-0b91-4cc0-9a14-a8799ce260cd"]
[Result "0-1"]

1. e4 { [%clk 0:09:57] } e6 { [%clk 0:09:59] } 2. Nf3 { [%clk 0:09:57] } Nc6 {
[%clk 0:10:00] } 3. Nc3 { [%clk 0:09:57] } Nf6 { [%clk 0:10:01] } 4. d4 { [%clk
0:09:57] } Bb4 { [%clk 0:10:02] } 5. Be3 { [%clk 0:09:53] } Bxc3+ { [%clk
0:10:03] } 6. bxc3 { [%clk 0:09:52] } O-O { [%clk 0:09:56] } 7. Bd3 { [%clk
0:09:44] } Ng4 { [%clk 0:08:59] } 8. O-O { [%clk 0:09:40] } Na5 { [%clk
0:08:47] } 9. Ng5 { [%clk 0:09:12] } Nxe3 { [%clk 0:08:10] } 10. fxe3 { [%clk
0:09:09] } Qxg5 { [%clk 0:07:56] } 11. Qf3 { [%clk 0:08:58] } Nc6 { [%clk
0:07:44] } 12. e5 { [%clk 0:08:50] } f6 { [%clk 0:07:31] } 13. Qh3 { [%clk
0:08:38] } d6 { [%clk 0:06:53] } 14. exf6 { [%clk 0:08:30] } g6 { [%clk
0:06:35] } 15. f7+ { [%clk 0:08:25] } Rxf7 { [%clk 0:06:31] } 16. Rxf7 { [%clk
0:08:15] } Kxf7 { [%clk 0:06:27] } 17. Rf1+ { [%clk 0:07:51] } Kg7 { [%clk
0:06:24] } 18. Qf3 { [%clk 0:07:31] } Qe7 { [%clk 0:06:02] } 19. Qe4 { [%clk
0:07:11] } Bd7 { [%clk 0:05:55] } 20. c4 { [%clk 0:07:06] } Nb4 { [%clk
0:05:33] } 21. Be2 { [%clk 0:06:48] } Rb8 { [%clk 0:04:26] } 22. d5 { [%clk
0:06:46] } e5 { [%clk 0:04:24] } 23. a3 { [%clk 0:06:24] } Na6 { [%clk 0:04:19]
} 24. Bd3 { [%clk 0:05:18] } Nc5 { [%clk 0:03:53] } 25. Qf3 { [%clk 0:04:27] }
e4 { [%clk 0:02:50] } 26. Bxe4 { [%clk 0:04:06] } Nxe4 { [%clk 0:02:47] } 27.
h3 { [%clk 0:03:36] } Rf8 { [%clk 0:02:34] } 28. Qd1 { [%clk 0:03:14] } Rxf1+ {
[%clk 0:01:31] } 29. Qxf1 { [%clk 0:03:08] } Qf6 { [%clk 0:01:29] } 30. Qd3 {
[%clk 0:02:53] } Qf2+ { [%clk 0:01:19] } 31. Kh2 { [%clk 0:02:45] } Bf5 { [%clk
0:01:19] } 32. Qd4+ { [%clk 0:02:42] } Kh6 { [%clk 0:01:06] } 33. Qxa7 { [%clk
0:02:22] } Qg3+ { [%clk 0:01:06] } 34. Kg1 { [%clk 0:02:16] } Nf2 { [%clk
0:01:06] } 35. e4 { [%clk 0:02:05] } Bxh3 { [%clk 0:01:05] } 36. Qxf2 { [%clk
0:01:59] } Qxf2+ { [%clk 0:01:02] } 37. Kxf2 { [%clk 0:01:59] } Bg4 { [%clk
0:01:04] } 38. c3 { [%clk 0:01:58] } Bd1 { [%clk 0:01:05] } 39. Ke1 { [%clk
0:01:54] } Bb3 { [%clk 0:01:03] } 40. Kd2 { [%clk 0:01:40] } Bxc4 { [%clk
0:01:03] } 41. Ke3 { [%clk 0:01:36] } Kg5 { [%clk 0:01:04] } 42. Kd4 { [%clk
0:01:33] } b5 { [%clk 0:01:04] } 43. e5 { [%clk 0:01:19] } dxe5+ { [%clk
0:00:58] } 44. Kxe5 { [%clk 0:01:19] } h6 { [%clk 0:01:00] } 45. Ke4 { [%clk
0:01:05] } Kg4 { [%clk 0:00:57] } 46. Ke3 { [%clk 0:00:44] } Kg3 { [%clk
0:00:58] } 47. Ke4 { [%clk 0:00:42] } Kxg2 { [%clk 0:00:55] } 48. Kf4 { [%clk
0:00:42] } h5 { [%clk 0:00:52] } 49. Kg5 { [%clk 0:00:43] } Bxd5 { [%clk
0:00:53] } 50. Kxg6 { [%clk 0:00:42] } h4 { [%clk 0:00:53] } 51. Kg5 { [%clk
0:00:36] } h3 { [%clk 0:00:56] } 52. Kf6 { [%clk 0:00:28] } h2 { [%clk 0:00:58]
} 53. Ke5 { [%clk 0:00:28] } h1=Q { [%clk 0:00:50] } 54. Kxd5 { [%clk 0:00:27]
} Kf2+ { [%clk 0:00:45] } 55. Kc5 { [%clk 0:00:26] } Qb7 { [%clk 0:00:40] } 56.
Kb4 { [%clk 0:00:22] } c6 { [%clk 0:00:38] } 57. Kc5 { [%clk 0:00:19] } Ke3 {
[%clk 0:00:34] } 58. c4 { [%clk 0:00:11] } bxc4 { [%clk 0:00:34] } 59. Kxc4 {
[%clk 0:00:09] } Qb5+ { [%clk 0:00:35] } 60. Kc3 { [%clk 0:00:10] } c5 { [%clk
0:00:33] } 61. Kc2 { [%clk 0:00:10] } c4 { [%clk 0:00:31] } 62. Kc3 { [%clk
0:00:11] } Qb4+ { [%clk 0:00:32] } 63. Kc2 { [%clk 0:00:09] } Qb3+ { [%clk
0:00:33] } 64. Kc1 { [%clk 0:00:03] } c3 { [%clk 0:00:34] } 0-1

[Event "Королевский Гамбит. Южный Федеральный округ."]
[Date "2025-11-21"]
[Round "6.6"]
[Board "6"]
[White "Сорокина София"]
[WhiteElo "991"]
[Black "Желтобрюхов ярослав"]
[BlackElo "972"]
[WebSite "https://www.chessopen.ru"]
[GameId "125cce5c-928f-40b2-b3b9-623eacf69b23"]
[Result "1-0"]

1. d4 { [%clk 0:10:00] } e6 { [%clk 0:10:00] } 2. c4 { [%clk 0:10:01] } c5 {
[%clk 0:10:01] } 3. Nf3 { [%clk 0:10:02] } cxd4 { [%clk 0:10:01] } 4. Nxd4 {
[%clk 0:10:02] } Bc5 { [%clk 0:10:02] } 5. Nf3 { [%clk 0:10:03] } Nc6 { [%clk
0:10:01] } 6. g3 { [%clk 0:10:04] } Qf6 { [%clk 0:10:00] } 7. Bg2 { [%clk
0:10:04] } Ne5 { [%clk 0:10:00] } 8. Nxe5 { [%clk 0:09:56] } Qxf2+ { [%clk
0:10:01] } 9. Kd2 { [%clk 0:09:51] } Qxg2 { [%clk 0:09:59] } 10. Nc3 { [%clk
0:09:33] } Nf6 { [%clk 0:09:47] } 11. Kc2 { [%clk 0:09:21] } Ne4 { [%clk
0:09:41] } 12. Nxf7 { [%clk 0:09:04] } Nxc3 { [%clk 0:09:38] } 13. bxc3 { [%clk
0:09:02] } Qe4+ { [%clk 0:09:32] } 14. Kb2 { [%clk 0:09:03] } Qxc4 { [%clk
0:09:30] } 15. Nxh8 { [%clk 0:08:57] } Qb5+ { [%clk 0:09:27] } 16. Kc2 { [%clk
0:08:52] } Qa4+ { [%clk 0:09:20] } 17. Kd2 { [%clk 0:08:44] } b6 { [%clk
0:09:16] } 18. Qxa4 { [%clk 0:08:40] } Bb7 { [%clk 0:08:46] } 19. Rf1 { [%clk
0:08:37] } Ke7 { [%clk 0:08:44] } 20. Rf7+ { [%clk 0:08:28] } Kd6 { [%clk
0:08:44] } 21. Qxd7+ { [%clk 0:08:22] } Ke5 { [%clk 0:08:45] } 22. Qxb7 { [%clk
0:08:15] } Rxh8 { [%clk 0:08:43] } 23. Rxg7 { [%clk 0:08:15] } Rd8+ { [%clk
0:08:44] } 24. Ke1 { [%clk 0:08:15] } Rd5 { [%clk 0:08:34] } 25. Bf4+ { [%clk
0:08:15] } Ke4 { [%clk 0:08:34] } 26. c4 { [%clk 0:08:02] } Kd4 { [%clk
0:08:14] } 27. cxd5 { [%clk 0:08:01] } exd5 { [%clk 0:08:15] } 28. e3+ { [%clk
0:08:02] } Kc3 { [%clk 0:08:15] } 29. Rc1+ { [%clk 0:08:03] } Kb4 { [%clk
0:08:16] } 30. Qxa7 { [%clk 0:08:01] } b5 { [%clk 0:07:57] } 31. a3+ { [%clk
0:08:01] } Kb3 { [%clk 0:07:58] } 32. Qxc5 { [%clk 0:08:01] } Kb2 { [%clk
0:07:58] } 33. Qc2+ { [%clk 0:08:02] } Kxa3 { [%clk 0:07:59] } 34. Bd6+ { [%clk
0:08:01] } b4 { [%clk 0:07:59] } 35. Ra7# { [%clk 0:08:01] } 1-0

[Event "Королевский Гамбит. Южный Федеральный округ."]
[Date "2025-11-21"]
[Round "6.6"]
[Board "6"]
[White "Уманцев Дмитрий"]
[WhiteElo "1045"]
[Black "Алёхин Кирилл"]
[BlackElo "1028"]
[WebSite "https://www.chessopen.ru"]
[GameId "0c6d209f-d256-477e-bdea-3f484e44f5be"]
[Result "1-0"]

1. e4 { [%clk 0:10:00] } e5 { [%clk 0:10:01] } 2. Nf3 { [%clk 0:09:53] } Nc6 {
[%clk 0:10:01] } 3. d4 { [%clk 0:09:54] } exd4 { [%clk 0:09:58] } 4. Nxd4 {
[%clk 0:09:55] } Nxd4 { [%clk 0:09:59] } 5. Qxd4 { [%clk 0:09:55] } Nf6 { [%clk
0:09:57] } 6. Nc3 { [%clk 0:09:56] } Bb4 { [%clk 0:09:48] } 7. Qxb4 { [%clk
0:09:50] } d6 { [%clk 0:09:41] } 8. Bg5 { [%clk 0:09:47] } O-O { [%clk 0:09:21]
} 9. Bd3 { [%clk 0:09:35] } h6 { [%clk 0:09:18] } 10. Bh4 { [%clk 0:09:29] }
Bg4 { [%clk 0:08:47] } 11. f3 { [%clk 0:09:13] } Be6 { [%clk 0:08:42] } 12. Bc4
{ [%clk 0:09:03] } Bxc4 { [%clk 0:08:29] } 13. Qxc4 { [%clk 0:09:02] } Qe7 {
[%clk 0:08:16] } 14. Nd5 { [%clk 0:08:56] } Nxd5 { [%clk 0:08:13] } 15. Bxe7 {
[%clk 0:08:53] } Nxe7 { [%clk 0:08:11] } 16. O-O { [%clk 0:08:53] } 1-0

[Event "Королевский Гамбит. Южный Федеральный округ."]
[Date "2025-11-21"]
[Round "6.6"]
[Board "6"]
[White "Шведов Глеб"]
[WhiteElo "1039"]
[Black "Муцольгов Мухаммад"]
[BlackElo "965"]
[WebSite "https://www.chessopen.ru"]
[GameId "49ea2ea8-d637-404d-8cff-e913da4d78d8"]
[Result "1-0"]

1. g4 { [%clk 0:09:57] } e5 { [%clk 0:10:00] } 2. Bg2 { [%clk 0:09:58] } d5 {
[%clk 0:09:59] } 3. h3 { [%clk 0:09:57] } Nf6 { [%clk 0:10:00] } 4. d4 { [%clk
0:09:58] } Nc6 { [%clk 0:09:58] } 5. c3 { [%clk 0:09:57] } exd4 { [%clk
0:09:59] } 6. cxd4 { [%clk 0:09:59] } Bb4+ { [%clk 0:09:56] } 7. Nc3 { [%clk
0:10:00] } O-O { [%clk 0:09:55] } 8. Bf4 { [%clk 0:09:53] } Bxc3+ { [%clk
0:09:39] } 9. bxc3 { [%clk 0:09:55] } g6 { [%clk 0:09:30] } 10. e3 { [%clk
0:09:43] } h5 { [%clk 0:09:31] } 11. g5 { [%clk 0:09:29] } Nh7 { [%clk 0:09:12]
} 12. h4 { [%clk 0:09:30] } Na5 { [%clk 0:09:03] } 13. Ne2 { [%clk 0:09:26] }
c6 { [%clk 0:09:04] } 14. Ng3 { [%clk 0:09:18] } Bg4 { [%clk 0:08:55] } 15. Bf3
{ [%clk 0:09:09] } Qd6 { [%clk 0:08:42] } 16. Bxd6 { [%clk 0:09:00] } Rad8 {
[%clk 0:08:38] } 17. Bxf8 { [%clk 0:08:59] } Rxf8 { [%clk 0:08:38] } 18. Bxg4 {
[%clk 0:08:59] } hxg4 { [%clk 0:08:38] } 19. Qxg4 { [%clk 0:09:02] } Nc4 {
[%clk 0:08:39] } 20. h5 { [%clk 0:08:59] } gxh5 { [%clk 0:08:40] } 21. Nxh5 {
[%clk 0:09:01] } Re8 { [%clk 0:08:40] } 22. Nf6+ { [%clk 0:08:54] } Kf8 { [%clk
0:08:31] } 23. Rxh7 { [%clk 0:08:53] } Ke7 { [%clk 0:08:28] } 24. Qd7+ { [%clk
0:08:51] } Kf8 { [%clk 0:08:29] } 25. Qxf7# { [%clk 0:08:53] } 1-0

[Event "Королевский Гамбит. Южный Федеральный округ."]
[Date "2025-11-21"]
[Round "6.6"]
[Board "6"]
[White "Щеблыкина Мария"]
[WhiteElo "1019"]
[Black "Данил Пила"]
[BlackElo "991"]
[WebSite "https://www.chessopen.ru"]
[GameId "404825ed-7c35-4e7b-ad59-fd7942eefdf3"]
[Result "0-1"]

1. e4 { [%clk 0:09:56] } e5 { [%clk 0:10:01] } 2. Nf3 { [%clk 0:09:57] } Nc6 {
[%clk 0:10:02] } 3. Bc4 { [%clk 0:09:51] } Nf6 { [%clk 0:10:00] } 4. Nc3 {
[%clk 0:09:53] } Bc5 { [%clk 0:10:00] } 5. h3 { [%clk 0:09:51] } d6 { [%clk
0:10:01] } 6. d3 { [%clk 0:09:52] } h6 { [%clk 0:10:00] } 7. Be3 { [%clk
0:09:52] } Bxe3 { [%clk 0:10:00] } 8. fxe3 { [%clk 0:09:54] } O-O { [%clk
0:09:35] } 9. d4 { [%clk 0:09:53] } exd4 { [%clk 0:09:34] } 10. exd4 { [%clk
0:09:54] } Na5 { [%clk 0:09:32] } 11. Qd3 { [%clk 0:09:42] } Nxc4 { [%clk
0:09:14] } 12. Qxc4 { [%clk 0:09:41] } Be6 { [%clk 0:08:56] } 13. d5 { [%clk
0:09:37] } Bd7 { [%clk 0:08:51] } 14. e5 { [%clk 0:09:31] } dxe5 { [%clk
0:08:50] } 15. Nxe5 { [%clk 0:09:32] } a6 { [%clk 0:08:44] } 16. O-O-O { [%clk
0:09:26] } Bb5 { [%clk 0:08:39] } 17. Qc5 { [%clk 0:09:23] } b6 { [%clk
0:08:34] } 18. Qd4 { [%clk 0:08:57] } c5 { [%clk 0:08:32] } 19. Qd3 { [%clk
0:08:49] } Bxd3 { [%clk 0:08:30] } 20. Rxd3 { [%clk 0:08:48] } b5 { [%clk
0:08:21] } 21. d6 { [%clk 0:08:41] } c4 { [%clk 0:08:18] } 22. Rd4 { [%clk
0:08:35] } Re8 { [%clk 0:07:59] } 23. Nc6 { [%clk 0:08:31] } Qb6 { [%clk
0:07:50] } 24. Ne7+ { [%clk 0:07:58] } Kf8 { [%clk 0:07:33] } 25. Rhd1 { [%clk
0:07:23] } Rad8 { [%clk 0:07:24] } 26. d7 { [%clk 0:07:11] } Rxe7 { [%clk
0:07:24] } 27. Nd5 { [%clk 0:07:07] } Nxd5 { [%clk 0:07:23] } 28. Rxd5 { [%clk
0:07:06] } Qc6 { [%clk 0:07:23] } 29. Rd6 { [%clk 0:07:03] } Qc7 { [%clk
0:07:18] } 30. Rxa6 { [%clk 0:06:59] } Rexd7 { [%clk 0:07:16] } 31. Rxd7 {
[%clk 0:06:56] } Qxd7 { [%clk 0:07:16] } 32. b3 { [%clk 0:06:52] } Qd1+ { [%clk
0:07:15] } 33. Kb2 { [%clk 0:06:52] } b4 { [%clk 0:07:09] } 34. a3 { [%clk
0:06:48] } c3+ { [%clk 0:07:01] } 35. Ka2 { [%clk 0:06:42] } Qxc2+ { [%clk
0:07:00] } 36. Ka1 { [%clk 0:06:39] } Qb2# { [%clk 0:07:01] } 0-1

[Event "Королевский Гамбит. Южный Федеральный округ."]
[Date "2025-11-21"]
[Round "6.7"]
[Board "7"]
[White "Алёхина Дарья"]
[WhiteElo "1018"]
[Black "Дмитриенко Иван"]
[BlackElo "1028"]
[WebSite "https://www.chessopen.ru"]
[GameId "96bba7bd-a1c4-432f-9dc8-32c285e0d22e"]
[Result "1-0"]

1. e4 { [%clk 0:10:01] } b6 { [%clk 0:09:58] } 2. Nf3 { [%clk 0:09:59] } Bb7 {
[%clk 0:09:59] } 3. Nc3 { [%clk 0:09:57] } d6 { [%clk 0:09:55] } 4. Bb5+ {
[%clk 0:09:51] } c6 { [%clk 0:09:56] } 5. Bc4 { [%clk 0:09:47] } Nf6 { [%clk
0:09:46] } 6. d3 { [%clk 0:09:44] } c5 { [%clk 0:09:47] } 7. Bg5 { [%clk
0:09:40] } h6 { [%clk 0:09:47] } 8. Bh4 { [%clk 0:09:41] } Nbd7 { [%clk
0:09:44] } 9. O-O { [%clk 0:09:38] } Ne5 { [%clk 0:09:40] } 10. Nxe5 { [%clk
0:09:37] } dxe5 { [%clk 0:09:42] } 11. Qf3 { [%clk 0:09:05] } Qd6 { [%clk
0:09:29] } 12. Bxf6 { [%clk 0:08:57] } exf6 { [%clk 0:09:25] } 13. Bb5+ { [%clk
0:08:47] } Bc6 { [%clk 0:09:17] } 14. Bxc6+ { [%clk 0:08:47] } Qxc6 { [%clk
0:09:18] } 15. Rfd1 { [%clk 0:08:34] } Bd6 { [%clk 0:09:18] } 16. Nd5 { [%clk
0:08:19] } O-O { [%clk 0:09:13] } 17. Ne3 { [%clk 0:08:05] } Be7 { [%clk
0:08:58] } 18. c3 { [%clk 0:07:33] } b5 { [%clk 0:08:41] } 19. d4 { [%clk
0:07:32] } cxd4 { [%clk 0:08:42] } 20. cxd4 { [%clk 0:07:34] } Rad8 { [%clk
0:08:32] } 21. dxe5 { [%clk 0:07:33] } fxe5 { [%clk 0:08:24] } 22. Ng4 { [%clk
0:07:25] } Bg5 { [%clk 0:07:59] } 23. Nxe5 { [%clk 0:07:08] } Qe6 { [%clk
0:07:44] } 24. Ng4 { [%clk 0:06:48] } a5 { [%clk 0:07:26] } 25. h3 { [%clk
0:06:45] } b4 { [%clk 0:07:15] } 26. b3 { [%clk 0:06:44] } Rfe8 { [%clk
0:06:34] } 27. Re1 { [%clk 0:06:35] } Rd2 { [%clk 0:06:15] } 28. Red1 { [%clk
0:06:07] } Red8 { [%clk 0:06:05] } 29. Rxd2 { [%clk 0:05:54] } Rxd2 { [%clk
0:05:49] } 30. Qf5 { [%clk 0:05:42] } Qb6 { [%clk 0:05:07] } 31. Rc1 { [%clk
0:05:34] } Rd8 { [%clk 0:04:12] } 32. Rc8 { [%clk 0:05:21] } Kf8 { [%clk
0:03:30] } 33. Qd7 { [%clk 0:05:03] } Rxc8 { [%clk 0:02:47] } 34. Qxc8+ { [%clk
0:05:00] } Qd8 { [%clk 0:02:48] } 35. Qxd8+ { [%clk 0:04:55] } Bxd8 { [%clk
0:02:48] } 36. Ne5 { [%clk 0:04:52] } Ke7 { [%clk 0:02:26] } 37. Nc6+ { [%clk
0:04:48] } Kd7 { [%clk 0:02:26] } 38. Nxd8 { [%clk 0:04:44] } Kxd8 { [%clk
0:02:28] } 39. Kf1 { [%clk 0:04:42] } Ke7 { [%clk 0:02:26] } 40. Ke2 { [%clk
0:04:37] } Ke6 { [%clk 0:02:18] } 41. Ke3 { [%clk 0:04:36] } Ke5 { [%clk
0:02:19] } 42. f4+ { [%clk 0:04:33] } Ke6 { [%clk 0:02:16] } 43. Kd4 { [%clk
0:04:32] } f6 { [%clk 0:02:16] } 44. Kc5 { [%clk 0:04:29] } g5 { [%clk 0:02:10]
} 45. g3 { [%clk 0:04:23] } h5 { [%clk 0:01:57] } 46. h4 { [%clk 0:04:15] }
gxf4 { [%clk 0:01:42] } 47. gxf4 { [%clk 0:04:16] } f5 { [%clk 0:01:43] } 48.
exf5+ { [%clk 0:04:12] } Kxf5 { [%clk 0:01:44] } 49. Kb5 { [%clk 0:03:55] }
Kxf4 { [%clk 0:01:45] } 50. Kxa5 { [%clk 0:03:54] } Kg4 { [%clk 0:01:45] } 51.
Kxb4 { [%clk 0:03:54] } Kxh4 { [%clk 0:01:47] } 52. a4 { [%clk 0:03:53] } Kg3 {
[%clk 0:01:48] } 53. a5 { [%clk 0:03:54] } h4 { [%clk 0:01:51] } 54. a6 { [%clk
0:03:55] } h3 { [%clk 0:01:54] } 55. a7 { [%clk 0:03:57] } h2 { [%clk 0:01:56]
} 56. a8=Q { [%clk 0:03:58] } h1=Q { [%clk 0:01:54] } 57. Qxh1 { [%clk 0:03:58]
} Kg4 { [%clk 0:01:55] } 58. Qh2 { [%clk 0:03:58] } Kg5 { [%clk 0:01:56] } 59.
Qh3 { [%clk 0:04:00] } Kf6 { [%clk 0:01:53] } 60. Qg4 { [%clk 0:04:01] } Ke5 {
[%clk 0:01:55] } 61. Qf3 { [%clk 0:04:02] } Kd4 { [%clk 0:01:56] } 62. Qe2 {
[%clk 0:04:03] } Kd5 { [%clk 0:01:56] } 63. Qc4+ { [%clk 0:03:59] } Ke5 { [%clk
0:01:58] } 64. Kc3 { [%clk 0:03:59] } Kf5 { [%clk 0:01:58] } 65. Qd4 { [%clk
0:04:01] } Kg5 { [%clk 0:02:00] } 66. Qe4 { [%clk 0:04:03] } Kh5 { [%clk
0:02:02] } 67. Qf4 { [%clk 0:04:04] } Kg6 { [%clk 0:02:04] } 68. Qe5 { [%clk
0:04:06] } Kh7 { [%clk 0:02:06] } 69. Qf6 { [%clk 0:04:08] } Kg8 { [%clk
0:02:07] } 70. Kc4 { [%clk 0:04:09] } Kh7 { [%clk 0:02:09] } 71. Kd4 { [%clk
0:04:10] } Kg8 { [%clk 0:02:11] } 72. Ke4 { [%clk 0:04:04] } Kh7 { [%clk
0:02:14] } 73. Kf5 { [%clk 0:04:02] } Kg8 { [%clk 0:02:17] } 74. Kg5 { [%clk
0:04:00] } Kh7 { [%clk 0:02:18] } 75. Qg6+ { [%clk 0:03:57] } Kh8 { [%clk
0:02:21] } 76. Qf6+ { [%clk 0:03:51] } Kh7 { [%clk 0:02:21] } 77. Kh5 { [%clk
0:03:46] } Kg8 { [%clk 0:02:22] } 78. Qe7 { [%clk 0:03:47] } Kh8 { [%clk
0:02:23] } 79. Kg6 { [%clk 0:03:46] } Kg8 { [%clk 0:02:25] } 80. Qg7# { [%clk
0:03:47] } 1-0